<?xml version="1.0" encoding="UTF-8"?><?xml-stylesheet type="text/xsl" href="static/style.xsl"?><OAI-PMH xmlns="http://www.openarchives.org/OAI/2.0/" xmlns:xsi="http://www.w3.org/2001/XMLSchema-instance" xsi:schemaLocation="http://www.openarchives.org/OAI/2.0/ http://www.openarchives.org/OAI/2.0/OAI-PMH.xsd"><responseDate>2026-06-01T23:56:13Z</responseDate><request verb="GetRecord" identifier="oai:riubu.ubu.es:10259/11617" metadataPrefix="marc">https://riubu.ubu.es/oai/request</request><GetRecord><record><header><identifier>oai:riubu.ubu.es:10259/11617</identifier><datestamp>2026-05-14T12:03:44Z</datestamp><setSpec>com_10259_4219</setSpec><setSpec>com_10259_5086</setSpec><setSpec>com_10259_2604</setSpec><setSpec>col_10259_4220</setSpec></header><metadata><record xmlns="http://www.loc.gov/MARC21/slim" xmlns:doc="http://www.lyncode.com/xoai" xmlns:xsi="http://www.w3.org/2001/XMLSchema-instance" xmlns:dcterms="http://purl.org/dc/terms/" xsi:schemaLocation="http://www.loc.gov/MARC21/slim http://www.loc.gov/standards/marcxml/schema/MARC21slim.xsd">
<leader>00925njm 22002777a 4500</leader>
<datafield tag="042" ind1=" " ind2=" ">
<subfield code="a">dc</subfield>
</datafield>
<datafield tag="720" ind1=" " ind2=" ">
<subfield code="a">Marticorena Sánchez, Raúl</subfield>
<subfield code="e">author</subfield>
</datafield>
<datafield tag="720" ind1=" " ind2=" ">
<subfield code="a">Canepa Oneto, Antonio Jesús</subfield>
<subfield code="e">author</subfield>
</datafield>
<datafield tag="720" ind1=" " ind2=" ">
<subfield code="a">López Nozal, Carlos</subfield>
<subfield code="e">author</subfield>
</datafield>
<datafield tag="720" ind1=" " ind2=" ">
<subfield code="a">Barbero Aparicio, José Antonio</subfield>
<subfield code="e">author</subfield>
</datafield>
<datafield tag="260" ind1=" " ind2=" ">
<subfield code="c">2025-03</subfield>
</datafield>
<datafield tag="520" ind1=" " ind2=" ">
<subfield code="a">Educational Data Mining and Learning Analytics in virtual environments can be used to diagnose student performance prob-lems at an early stage. Information that is useful for guiding the decisions of teachers managing academic training, so thatstudents can successfully complete their course. However, student interaction patterns may vary depending on the knowledgedomain. Our aim is to design a framework applicable to online Social Sciences and STEM courses, recommending methods forbuilding accurate early performance prediction models. A large-scale comparative study of the accuracy of multiple classifiersapplied to classify the interaction logs of 32,593 students from 9 Social Sciences and 13 STEM courses is presented. Corroboratingthe results of other works, it was observed that high early performance prediction accuracy was obtained based on nothing otherthan student logs: accuracies of 0.75 in the 10th week, 0.80 in the 20th week, 0.85 in the 30th week and 0.90 in the 40th week.However, accuracy rates were observed to vary significantly, in relation to the classification algorithm and the knowledge do-main (Social Sciences vs. STEM). These predictions are generally less accurate for Social Sciences compared to STEM courses,especially at the beginning of the course, with fewer differences observed in the final weeks. Additionally, this research identifiesinstances of low-accuracy outliers in the prediction of Social Sciences courses over time. These findings highlight the complexchallenges and variations in early performance prediction across different domains in online education.</subfield>
</datafield>
<datafield tag="024" ind2=" " ind1="8">
<subfield code="a">0266-4720</subfield>
</datafield>
<datafield tag="024" ind2=" " ind1="8">
<subfield code="a">https://hdl.handle.net/10259/11617</subfield>
</datafield>
<datafield tag="024" ind2=" " ind1="8">
<subfield code="a">10.1111/exsy.13837</subfield>
</datafield>
<datafield tag="024" ind2=" " ind1="8">
<subfield code="a">1468-0394</subfield>
</datafield>
<datafield ind1=" " ind2=" " tag="653">
<subfield code="a">Educational data mining</subfield>
</datafield>
<datafield ind1=" " ind2=" " tag="653">
<subfield code="a">Learning analytics</subfield>
</datafield>
<datafield ind1=" " ind2=" " tag="653">
<subfield code="a">Learning at scale</subfield>
</datafield>
<datafield ind1=" " ind2=" " tag="653">
<subfield code="a">Online learning logs</subfield>
</datafield>
<datafield ind1=" " ind2=" " tag="653">
<subfield code="a">Student performance prediction</subfield>
</datafield>
<datafield ind1=" " ind2=" " tag="653">
<subfield code="a">Supervised data-mining</subfield>
</datafield>
<datafield tag="245" ind1="0" ind2="0">
<subfield code="a">Unveiling the Differences in Early Performance Prediction Between Online Social Sciences and STEM Courses Using Educational Data Mining</subfield>
</datafield>
</record></metadata></record></GetRecord></OAI-PMH>